00709nam a2200205Ia 4500008004100000050001600041050001500057100002900072245012200101245007000223245002900293260003100322260001000353260001000363300001500373300002000388300001100408500005600419521002800475170504s9999 xx 000 0 und d aHF 5415.32  b.D324 2016 aDeinla, Gerard Andrei B. aImpact of in-store advertising methods on consumer purchase decision in a selected supermarket in barangay Molino 3:  bbasis for developing an effective in-store advertising strategy / cGerard Andrei B. Deinla. aLas Piñas, Philippines : bSISC, c2016. a71 pages : billustrations ; c28 cm. aIncludes bibliographical references and appendices. aBusiness Administration